<?xml version="1.0" encoding="UTF-8"?>
<record
    xmlns:xsi="http://www.w3.org/2001/XMLSchema-instance"
    xsi:schemaLocation="http://www.loc.gov/MARC21/slim http://www.loc.gov/standards/marcxml/schema/MARC21slim.xsd"
    xmlns="http://www.loc.gov/MARC21/slim">

  <leader>01358nam a22001937a 4500</leader>
  <controlfield tag="008">170816s2014        dr||||| |||| 00| 0 spa d</controlfield>
  <datafield tag="082" ind1="0" ind2="4">
    <subfield code="a">708</subfield>
    <subfield code="b">C397v</subfield>
  </datafield>
  <datafield tag="111" ind1="1" ind2=" ">
    <subfield code="a">Concurso de Arte Eduardo Le&#xF3;n Jimenes.</subfield>
    <subfield code="9">5914</subfield>
  </datafield>
  <datafield tag="245" ind1="1" ind2="0">
    <subfield code="a">XXV Concurso de Arte Eduardo Le&#xF3;n Jimenes :</subfield>
    <subfield code="b">cat&#xE1;logo de obras.</subfield>
  </datafield>
  <datafield tag="250" ind1=" " ind2=" ">
    <subfield code="a">1a edici&#xF3;n.</subfield>
  </datafield>
  <datafield tag="260" ind1=" " ind2=" ">
    <subfield code="a">Santiago de los Caballeros, Rep&#xFA;blica Dominicana :</subfield>
    <subfield code="b">Centro Le&#xF3;n,</subfield>
    <subfield code="c">2014.</subfield>
  </datafield>
  <datafield tag="300" ind1=" " ind2=" ">
    <subfield code="a">164 p&#xE1;ginas :</subfield>
    <subfield code="b">ilustraciones en color.</subfield>
  </datafield>
  <datafield tag="505" ind1="0" ind2=" ">
    <subfield code="t">Cultivar las g&#xE9;nesis, las construcciones, las trayectorias, las reflexiones</subfield>
    <subfield code="r">Dra. Mar&#xED;a Amalia Le&#xF3;n de Jorge.</subfield>
    <subfield code="t">Las traves&#xED;as redefinen todas las representaciones mentales</subfield>
    <subfield code="r">Entrevista a Andrea Giunta.</subfield>
    <subfield code="t">La construcci&#xF3;n de significados colectivos</subfield>
    <subfield code="r">Entrevista a Sof&#xED;a Hern&#xE1;ndez Chong Cuy.</subfield>
    <subfield code="t">Para poder repensar nuestro pa&#xED;s desde el arte</subfield>
    <subfield code="r">Entrevista a Jorge Pineda.</subfield>
    <subfield code="t">Jurados.</subfield>
    <subfield code="t">Artistas selecionados y obras</subfield>
    <subfield code="r">Laura Castro, Ferm&#xED;n Ceballos, Queury Dicent, Patricia Encarnaci&#xF3;n, Andr&#xE9;s Far&#xED;as Cintr&#xF3;n, M&#xF3;nica Ferreras de la Maza, Marie Jim&#xE9;nez, Joiri Minaya, Randy Morales (Rands), Jochi Mu&#xF1;oz, Gustavis Pe&#xF1;a, David P&#xE9;rez (Karmadavis), Freddy P&#xE9;rez (Prandy) y Maurice S&#xE1;nchez.</subfield>
    <subfield code="t">Opiniones.</subfield>
  </datafield>
  <datafield tag="653" ind1="1" ind2="0">
    <subfield code="a">Arte contempor&#xE1;neo</subfield>
  </datafield>
  <datafield tag="653" ind1="1" ind2="0">
    <subfield code="a">Arte - Rep&#xFA;blica Dominicana</subfield>
  </datafield>
  <datafield tag="653" ind1="1" ind2="0">
    <subfield code="a">Concursos de arte</subfield>
  </datafield>
  <datafield tag="653" ind1="1" ind2="0">
    <subfield code="a">Cat&#xE1;logo de obras</subfield>
  </datafield>
  <datafield tag="653" ind1="1" ind2="0">
    <subfield code="a">Eventos art&#xED;sticos</subfield>
  </datafield>
  <datafield tag="999" ind1=" " ind2=" ">
    <subfield code="c">1253</subfield>
    <subfield code="d">1253</subfield>
  </datafield>
  <datafield tag="952" ind1=" " ind2=" ">
    <subfield code="0">0</subfield>
    <subfield code="1">0</subfield>
    <subfield code="2">ddc</subfield>
    <subfield code="4">0</subfield>
    <subfield code="7">0</subfield>
    <subfield code="a">LV</subfield>
    <subfield code="b">LV</subfield>
    <subfield code="c">Eventos y Bienales</subfield>
    <subfield code="d">2017-08-17</subfield>
    <subfield code="l">0</subfield>
    <subfield code="o">708 C397v</subfield>
    <subfield code="p">004414</subfield>
    <subfield code="r">2017-08-17 00:00:00</subfield>
    <subfield code="w">2017-08-17</subfield>
    <subfield code="y">01</subfield>
  </datafield>
</record>
